000 02395nam a2200649 i 4500
001 3476
003 KOSZ 005
005 20220905131938.0
008 220905s1987 pl a f 000 0 pol
015 _aUWD 1987/9458
020 _a8321330789
020 _a8321333745
_qt. 5
035 _a991007485259705066
035 _a(PL-WaBN)b11942009-48omnis_nlop
035 _ab11942009
035 _a(OCoLC)835889309
035 _a(PL)b0000001194200
035 _a(EXLNZ-48OMNIS_NETWORK)9910403005505606
040 _aWA N
_cWA N
_dKOSZ 005/RW
041 1 _apol
_hger
046 _k1976
080 _a69
080 _a728.3
245 0 0 _aSłabe miejsca w budynkach :
_bzapobieganie błędom w projektowaniu i wykonawstwie.
_nT. 5,
_pOkna i drzwi zewnętrzne /
_cErich Schild [et al.] ; tłumaczył Leonard Urban.
246 1 _iTytuł oryginału:
_aSchwachstellen :
_bSchäden, Ursachen, Konstruktions - und Ausführungsempfehlungen : Bauschädensverhütung im Wohnungsbau.
_pFenster und Aussentüren,
_f1976
246 3 0 _aOkna i drzwi zewnętrzne
250 _aWydanie I.
260 _aWarszawa :
_b"Arkady",
_c1987.
300 _a175, [1] stron :
_brysunki ;
_c25 cm.
336 _aTekst
_btxt
_2rdacontent
337 _aBez urządzenia pośredniczącego
_bn
_2rdamedia
338 _aWolumin
_bnc
_2rdacarrier
380 _aKsiążki
380 _aPublikacje fachowe
388 1 _a1901-2000
388 1 _a1945-1989
504 _aBibliografia i wykaz norm na stronach 169-175.
521 8 _aPraca jest przeznaczona dla projektantów i wykonawców budynków mieszkalnych.
650 7 _aBudownictwo mieszkaniowe
_2DBN
650 7 _aProjektowanie
650 7 _aWady budowlane
650 7 _aOkno
650 7 _aDrzwi
655 7 _aOpracowanie
658 _aArchitektura i budownictwo
658 _aInżynieria i technika
700 1 _aSchild, Erich
_d(1917-1998)
_eAutor
700 1 _aOswald, Rainer
_eAutor
700 1 _aRogier, Dietmar
_eAutor
700 1 _aSchweikert, Hans
_eAutor
700 1 _aSchnapauff, Volker
_eAutor
700 1 _aUrban, Leonard
_eTłumaczenie
710 2 _aWydawnictwo Arkady
_4pbl
856 _uhttp://koha.tu.koszalin.pl/cgi-bin/koha/opac-detail.pl?biblionumber=3476
_yKatalog online BPK
942 _2UKD
_cKS
999 _c3476
_d3476